000 00757nmc a2200289 a 4500
003 AR-BaBNM
005 20251128204452.0
008 037019s1990 ||||||||||||||000 | spa||
020 _a950-07-0632-6
040 _cAR-BaBNM
100 1 _aRoldán, Gustavo
245 1 0 _aPenas de amor y de mar
260 _aBuenos Aires
_bSudamericana
_c1990
300 _a14 p.
_bil.
490 0 _aLibros del bolsillo
_vv. 12
500 _aContiene nota de la editora a los lectores
650 4 _aCUENTO INFANTIL
650 4 _aLITERATURA INFANTIL
650 4 _aLIBROS PARA NINOS
650 4 _aCUENTOS DE ANIMALES
650 4 _aFABULAS
655 _aLITERATURA
700 1 _aFortín, Raúl
_eilustrador
800 0 _aCanela
942 _cBK
998 _cLAURA
999 _c7542
_d7542